| 000 | 00578nam a22001697a 4500 | ||
|---|---|---|---|
| 008 | 160311b xxu||||| |||| 00| 0 eng d | ||
| 020 | _a978-971-9908-12-8 | ||
| 082 |
_22013 _aDFil 371.12076 _bEs65 |
||
| 100 |
_93626 _aEspiritu, Rogelio I. |
||
| 245 |
_aLicensure examination for teachers reviewer: _bSocial science/ _cRogelio I. Espiritu. |
||
| 250 | _a2013 Edition | ||
| 260 |
_aSampaloc, Manila: _bMET Review Publishing House, _cc2013. |
||
| 300 |
_a172 pages; _c21 cm. |
||
| 650 | 0 |
_93631 _aTeachers _vExaminations, questions, etc. |
|
| 365 |
_b564.25 _cPhp |
||
| 942 |
_2ddc _cDFIL |
||
| 999 |
_c1258 _d1258 |
||